Flowers in acrylics

Bibliographic Details
Main Author: Jelbert, Wendy
Format: Book
Published: Kent : Search Press Limited , 1990
Subjects:

MARC

LEADER 00000cam a2200000 7i4500
001 0000028605
002 000030871
005 20000330.0
020 |a 0855326492 
090 0 0 |a 751.426   |b JEL 
100 1 |a Jelbert, Wendy 
245 1 0 |a Flowers in acrylics   |c Wendy Jelbert 
255 |a Leisure arts 37 
260 |a Kent :   |b Search Press Limited ,   |c 1990 
300 |a 32p. :   |b ill ;   |c 21cm. 
650 0 0 |a Acrylic painting 
999 |a 082239   |b BUKU   |c PINJAMAN   |e PERPUSTAKAAN KOMUNITI PETALING JAYA